000
00220 a2200097 4500
001
15463
100
_a
Mahamsany, S
245
_a
Phalaspha Shereehat Islam
260
_a
_b
Majles-e-Tareqqy Adab
_c
090
_c
12086
_d
12086
942
_a
NUST-CAE
_c
M
_c
2321
999
_c
250536
_d
250536